[Event "POL-ch U16 Girls"]
[Site "Szczyrk"]
[Date "2013.??.??"]
[Round "4"]
[White "Wicikowska, Agata"]
[Black "Jasiak, Katarzyna"]
[Result "1-0"]
[WhiteElo "1495"]
[BlackElo "1213"]
[PlyCount "111"]
[EventDate "2013.03.17"]
[EventType "swiss"]
[EventRounds "9"]
[EventCountry "POL"]
[SourceTitle "CBM 153 Extra"]
[Source "ChessBase"]
[SourceDate "2013.04.22"]
[SourceVersion "1"]
[SourceVersionDate "2013.04.22"]
[SourceQuality "1"]

1. e4 e5 2. Nf3 Nc6 3. Bc4 Bc5 4. Nc3 d6 5. h3 Nf6 6. d3 Be6 7. Bb3 d5 8. exd5 Nxd5 9. Nxd5 Bxd5 10. 0-0 0-0 11. Re1 Bxf3 12. Qxf3 Rb8 13. Be3 Bxe3 14. Qxe3 Qf6 15. c3 a6 16. Re2 Rfe8 17. Rae1 Re7 18. Bd5 Rbe8 19. Qe4 h6 20. Bxc6 Qxc6 21. Qxc6 bxc6 22. f4 f6 23. fxe5 Rxe5 24. Rxe5 Rxe5 25. Rxe5 fxe5 26. Kf2 Kf7 27. Ke3 c5 28. Ke4 Ke6 29. h4 h5 30. g3 g6 31. b3 c6 32. a3 a5 33. Ke3 Kf5 34. Kf3 g5 35. b4 g4+ 36. Ke3 cxb4 37. cxb4 a4 38. Ke2 Ke6 39. Kd2 Kd5 40. Ke3 Ke6 41. Ke4 Kf6 42. d4 exd4 43. Kxd4 Ke6 44. Kc5 Kd7 45. b5 cxb5 46. Kxb5 Kc7 47. Kxa4 Kb6 48. Kb4 Ka6 49. Kc4 Ka5 50. Kd5 Ka4 51. Ke5 Kxa3 52. Kf5 Kb3 53. Kg5 Kc3 54. Kxh5 Kd4 55. Kxg4 Ke5 56. Kg5 1-0

[Event "POL-ch U16 Girls"]
[Site "Szczyrk"]
[Date "2013.??.??"]
[Round "1"]
[White "Ziemba, Magdalena"]
[Black "Jasiak, Katarzyna"]
[Result "1-0"]
[WhiteElo "1537"]
[BlackElo "1213"]
[PlyCount "25"]
[EventDate "2013.03.17"]
[EventType "swiss"]
[EventRounds "9"]
[EventCountry "POL"]
[SourceTitle "CBM 153 Extra"]
[Source "ChessBase"]
[SourceDate "2013.04.22"]
[SourceVersion "1"]
[SourceVersionDate "2013.04.22"]
[SourceQuality "1"]

1. d4 d5 2. c4 Nf6 3. Nc3 e6 4. Bg5 Bb4 5. e3 h6 6. Bh4 0-0 7. Rc1 Re8 8. Nf3 Nc6 9. Ne5 g5 10. Bg3 Ne4 11. Qh5 Nxe5 12. Bxe5 Kh7 13. Qxf7# 1-0